01962cam a22004334i 4500003000900000005001700009008004100026020001500067020001800082035002000100040003300120082001800153245015000171250002300321264005600344300004300400336002100443337002500464338002300489504003300512505068600545526001001231526001001241526001001251526001001261526000801271526000801279526000801287526000801295526000801303526000801311526000801319650003801327650001801365700003701383700003801420700003801458700003201496PE-LiUPU20250731173108.0181211s2018 kyu r 001 0 eng d a0664262430 a9780664262433 a(Sirsi) a250998 aPE-LiUPUbspacPE-LiUPUerda04a251.6bC722300aConnections :ba lectionary commentary for preaching and worship.pYear C.nVolume 1,pAdvent through Epiphany /cJoel B. Green [y otros cuatro]. aPrimera edición. 1aLouisville :bWestminster John Knox Press,c[2018]. axiv, 332 páginas ;c27 centímetros atext2rdacontent aunmediated2rdamedia avolume2rdacarrier aÍndice: páginas 321-332.0 aFirst Sunday of Advent -- Second Sunday of Advent -- Third Sunday of Advent -- Fourth Sunday of Advent -- Christmas Eve/Nativity of the Lord, Proper I -- Christmas Eve/Nativity of the Lord, Proper II -- Christmas Eve/Nativity of the Lord, Proper III -- First Sunday after Christmas Day -- Second Sunday after Christmas Day -- Epiphany of the Lord -- Baptism of the Lord -- Second Sunday after the Epiphany -- Third Sunday after the Epiphany -- Fourth Sunday after the Epiphany -- Fifth Sunday after the Epiphany -- Sixth Sunday after the Epiphany -- Seventh Sunday after the Epiphany -- Eighth Sunday after the Epiphany -- Ninth Sunday after the Epiphany -- Transfiguration Sunday. aSEG42 aSEG41 aSEG40 aSEG39 aP94 aP87 aP86 aP85 aP77 aP76 aP3504aLa predicación del leccionario.04aLeccionarios.1 aGreen, Joel B.,d1956-,eeditor.1 aLong, Thomas G.,d1946-,eeditor.1 aPowery, Luke A.,d1974-,eeditor.1 aRigby, Cynthia L.,eeditor.